书目信息 |
| 题名: |
物理生物化学
|
|
| 作者: | 范霍尔德 著 ;郁贤章 译 | |
| 分册: | ||
| 出版信息: | 北京 科学出版社 1978 |
|
| 页数: | 260页 | |
| 开本: | 19cm | |
| 丛书名: | ||
| 单 册: | ||
| 中图分类: | O552 , Q67 | |
| 科图分类: | ||
| 主题词: | 物理化学:生物化学 , 生物物理学:生物化学 , 生物化学:物理化学 | |
| 电子资源: | ||
| ISBN: | ||
| 000 | 00750nam0 2200265 45 | |
| 001 | 0178005880 | |
| 005 | 20060726165845.50 | |
| 010 | @dCNY0.88 | |
| 091 | @a13031.817 | |
| 100 | @a19950727d1978 em y0chiy0121 ea | |
| 101 | 1 | @achi@ceng |
| 102 | @aCN@b110000 | |
| 105 | @ay z 000yy | |
| 200 | 10 | @a物理生物化学@Awu li sheng wu hua xue@f(美)K·E·范霍尔德著@F(mei)K·E·fan huo er de zhu@g郁贤章译 |
| 210 | @a北京@c科学出版社@d1978 | |
| 215 | @a260页@d19cm | |
| 606 | @a物理化学:生物化学 | |
| 606 | 0 | @a生物物理学:生物化学 |
| 606 | @a生物化学:物理化学 | |
| 690 | @aO552@v4 | |
| 690 | @aQ67@v3 | |
| 701 | 0 | @a范霍尔德@Afan huo er de@4著 |
| 702 | 0 | @a郁贤章@Ayu xian zhang@4译 |
| 801 | 0 | @aCN@bTSSF@c20060726 |
| 905 | @a10447@dQ67@e22 | |
| 物理生物化学/(美)K·E·范霍尔德著/郁贤章译.-北京:科学出版社,1978 |
| 260页;19cm |
| ISBN :CNY0.88 |
| ● |
| 相关链接 |
|
|
|
|
正题名:物理生物化学
索取号:Q67/22
 
预约/预借
| 序号 | 登录号 | 条形码 | 馆藏地/架位号 | 状态 | 备注 |
| 1 | 0000473 | 202348192 | 密集书库/ [索取号:Q67/22] | 在馆 | |
| 2 | 0000475 | 202348236 | 密集书库/ [索取号:Q67/22] | 在馆 | |
| 3 | 0000476 | 202348272 | 密集书库/ [索取号:Q67/22] | 在馆 | |
| 4 | 0438437 | 204384371 | 密集书库/ [索取号:Q67/22] | 在馆 |